La Escuela de Chicago: una mirada histórica a 50 años del convenio Chicago Universidad Católica. Ensayos en honor a Arnold C. Harberger
Uloženo v:
| Hlavní autor: | |
|---|---|
| Médium: | Kniha |
| Jazyk: | španělština |
| Vydáno: |
Santiago
Universidad Católica de Chile
2007
|
| Vydání: | 1a. ed |
| Témata: | |
| Tagy: |
Přidat tag
Žádné tagy, Buďte první, kdo vytvoří štítek k tomuto záznamu!
|
MARC
| LEADER | 00000nam a2200000 a 4500 | ||
|---|---|---|---|
| 001 | UCG5672 | ||
| 003 | CL-VaPUC | ||
| 008 | 110317e20070800CL |||||||||||||||||spa|d | ||
| 020 | |a 9789561409309 | ||
| 082 | 0 | 4 | |a 330.15 |b ROS |2 21 |
| 100 | 0 | |a Rosende R., Francisco |e author |9 555422 | |
| 245 | 1 | 3 | |a La Escuela de Chicago: una mirada histórica a 50 años del convenio Chicago Universidad Católica. Ensayos en honor a Arnold C. Harberger |
| 250 | |a 1a. ed | ||
| 300 | |a 337 p | ||
| 942 | |c BK | ||
| 945 | |d 20110317 00:00:00 |a dcastane | ||
| 260 | |a Santiago |b Universidad Católica de Chile |c 2007 | ||
| 650 | 0 | |a Neoliberalismo |9 330090 | |
| 650 | 0 | |a Economía de libre mercado |9 341238 | |
| 583 | |a last modification |c 20110317 00:00:00 |k Rodrigo Vera | ||
| 999 | |c 344075 |d 344073 | ||
| 952 | |0 0 |1 0 |4 0 |6 330_150000000000000_ROS_2007 |7 0 |8 A |9 441859 |a BIBHIS |b BIBHIS |d 2019-11-22 |i 4755197 |l 2 |o 330.15 ROS 2007 |p 4755197 |r 2025-01-20 |s 2023-10-16 |w 2019-11-22 |y BK |k HIS | ||